| 000 | 00673nam a2200241 a 4500 | ||
|---|---|---|---|
| 001 | ASIN9380013043 | ||
| 003 | OSt | ||
| 005 | 20150408114142.0 | ||
| 008 | 131001s2010 xxu eng d | ||
| 020 | _a9380013043 (paperback) | ||
| 020 | _a9789380013046 (paperback) | ||
| 040 | _aMa-Un | ||
| 050 | 0 | 4 | _aQH447 |
| 082 | 0 | 4 | _a572.86 |
| 100 | 1 |
_aSingh, Jitendra. _937475 |
|
| 245 | 1 | 0 |
_aDiscovering genomics proteomics and bioinformatics / _cJitendra Singh. |
| 260 |
_aNew Delhi: _bManglam Publishers And Distributors, _c2010. |
||
| 300 | _a295 P. | ||
| 650 | 0 |
_aBioinformatics _919232 |
|
| 650 | 0 |
_aGenomics _937476 |
|
| 650 | 0 | _aProteomics | |
| 942 |
_2ddc _cBOOK |
||
| 999 |
_c31095 _d265595 |
||